Trouve le bon footballeur #4 - Statistiques

Statistiques générales
  • Ce quiz a été pris 1 770 fois
    676 depuis la dernière actualisation
  • Le résultat moyen est 12 sur 20
Statistiques - réponses
Indice Footballeur % Correct
Il est à l'origine du but de la victoire portugaise lors de la finale de l'euro 2016 contre la France Eder
89%
Pendant la coupe du monde 2018, les supporters lui ont consacré un chant sur l'air des "Champs-Elysées" Ngolo Kante
89%
Premier joueur non-européen à gagner le ballon d'or et seul joueur africain (en 1995) George Weah
82%
Egalement né à Bondy, il est défenseur à Arsenal William Saliba
81%
Ce joueur allemand met le premier des 7 buts marqués contre le Brésil lors de la demi-finale de la Coupe du Monde 2014 valant humiliation pour ce dernier Thomas Müller
79%
Champion du monde avec la France en 2018, il n'a pas joué une minute lors de la compétition Adil Rami
77%
Après une finale perdue avec Liverpool lors de la ligue des champions 2022, il est appelé pour la première fois en équipe de France suite à la blessure d'un autre défenseur Ibrahima Konaté
70%
International ukrainien, ballon d'or en 2004 Andreï Shevchenko
69%
Il nait à Anvers de parents Belgo-Congolais le 13 mai 1993 Romelo Lukaku
69%
Ancien capitaine Madrilène, il joue aujourd'hui au Séville FC Sergio Ramos
68%
Il a laissé un héritage à deux clubs – l’Ajax et le FC Barcelone – en permettant à ces deux clubs de rayonner sur la scène mondiale du football Johan Cruyff
63%
Président de l'UEFA entre 2007 et 2015 Michel Platini
59%
Gardien ayant remporté la CAN 2021 Edouard Mendy
52%
Cet ancien rennais est muni d'une triple nationalité (Angolais, Congolais, Français) Eduardo Camavinga
40%
Né à Bondy, ce joueur de la Fiorentina est un ami de longue date de Kylian Mbappe Jonathan Ikone
40%
Ce joueur formé à Bastia est le premier international tunisien de l'histoire à marquer deux fois consécutives en Coupe du monde (en 2018) Wahbi Khazri
40%
Joueur allemand, formé à Arsenal, revenu dans son pays natal depuis 2016. Buteur contre son club de formation en 2024 Serge Gnabry
35%
Cet ancien Gunner met son premier doublé avec le maillot du Barça contre Valence en février 2022. Il joue aujourd'hui en ligue 1 Pierre-Emerick Aubameyang
32%
Capitaine de l'équipe du Brésil lors de la coupe du monde 1982, ce footballeur légendaire dit à propos de la défaite contre l'Italie lors de la compétition : “Notre défaite contre l’Italie n’a pas été simple. C’était comme réussir à conquérir la plus belle femme du monde, mais être ensuite incapable de faire ce qui compte avec elle” Socrates
19%
Joueur français qui porte le même prénom que l'Auror Shacklebolt dans Harry Potter Kingsley Coman
13%
Aucun quiz correspondant
Distribution des résultats
% des personnes avec chaque résultat
Percentile par nombre de réponses
Votre historique - résultats
Vous n’avez pas pris ce quiz depuis la dernière actualisation